000 00287nam a22001337a 4500
008 170830b xxu||||| |||| 00| 0 eng d
020 _a0896961650
041 _aeng
080 _a070
100 _a39
101 _aMED
245 _aBROADCAST JOURNALISM
_cBARRETT.M
942 _2udc
_cBK
999 _c25528
_d25528